000 00465nam a2200145Ia 4500
008 151021s9999 xx 000 0 und d
020 _a137876319
050 _aTk 454 .R44 1999
245 _a_Applied introductory Circuit analysis for electrical and computer engineers Michael Reed
260 _aNew Jersey prentice hall 1999
500 _aIncludes index.
500 _aIncludes index.
650 _a_Circuit analysis
980 _a^d20130517 01:42:53^oanne
999 _c13459
_d13459